[Event "24th European Teams"]
[Site "Budva MNE"]
[Date "2023.11.13"]
[EventDate "2023.11.11"]
[Round "3.3"]
[Result "1-0"]
[White "Hannes Stefansson"]
[Black "Elham Amar"]
[WhiteElo "2518"]
[BlackElo "2584"]
[PlyCount "132"]

1. d4 Nf6 2. c4 e6 3. Nf3 d5 4. Nc3 dxc4 5. e4 b5 6. e5 Nd5 7. Nxb5 Nb6 8.
Be3 Nc6 9. Nc3 Be7 10. a3 O-O 11. Qc2 Bb7 12. Ne4 Na5 13. Neg5 g6 14. Ne4
Qd5 15. Nc3 Qd7 16. Be2 Nd5 17. Bh6 Rfd8 18. O-O Bc6 19. Nd2 Nb6 20. Rad1
Rab8 21. Be3 Na4 22. Rb1 Nb6 23. Rfd1 Qe8 24. Nde4 Nd5 25. Bh6 Nxc3 26.
Nxc3 Rd7 27. Be3 Rbd8 28. Bf3 Bxf3 29. gxf3 Nb3 30. Ne2 c5 31. Qxc4 Nxd4
32. Nxd4 Rd5 33. Kg2 cxd4 34. Rxd4 Rxe5 35. Rxd8 Qxd8 36. Qd4 Rg5+ 37. Kf1
Rd5 38. Qxa7 Bd6 39. Rc1 Kg7 40. Bd4+ e5 41. Be3 Qf6 42. Kg2 Qf5 43. Qa4
Rd4 44. Qc2 Rd3 45. Qc4 Be7 46. Qe4 Rb3 47. Qxf5 gxf5 48. Rc2 Bd8 49. a4 f4
50. Bd2 Bb6 51. a5 Bd4 52. Bc3 Kf6 53. a6 Ba7 54. Ba5 Bd4 55. Rc4 Rb8 56.
b4 Ke6 57. Rc7 f5 58. Rb7 Ra8 59. b5 e4 60. Bb6 Rg8+ 61. Kf1 Be5 62. Bc7
Bd4 63. fxe4 f3 64. exf5+ Kxf5 65. a7 Re8 66. Rb8 1-0

[Event "24th European Teams"]
[Site "Budva MNE"]
[Date "2023.11.13"]
[EventDate "2023.11.11"]
[Round "3.4"]
[Result "1-0"]
[White "Radoslaw Wojtaszek"]
[Black "Etienne Bacrot"]
[WhiteElo "2668"]
[BlackElo "2668"]
[PlyCount "104"]

1. d4 d5 2. c4 dxc4 3. e4 Nf6 4. e5 Nd5 5. Bxc4 Bf5 6. Nf3 e6 7. Nc3 Nxc3
8. bxc3 Be7 9. O-O c5 10. Qb3 O-O 11. Qxb7 Nd7 12. Qa6 Nb6 13. Bd3 Bxd3 14.
Qxd3 cxd4 15. cxd4 Nd5 16. Ba3 Rc8 17. Bxe7 Qxe7 18. Rfc1 h6 19. h4 Rc7 20.
Rc4 Rxc4 21. Qxc4 Rb8 22. Rc1 Qa3 23. Rc2 a5 24. Kh2 Qb4 25. Qa6 Kh7 26.
Qd3+ Kg8 27. a3 Qb7 28. Nd2 a4 29. g3 g6 30. Rc4 Qb5 31. Rc8+ Kg7 32. Qxb5
Rxb5 33. Rc2 Ne7 34. Kg1 Nf5 35. Rc4 Rb2 36. Ne4 Rb1+ 37. Kg2 Rd1 38. Rxa4
Nxd4 39. Ra8 Re1 40. Nd6 g5 41. h5 f5 42. exf6+ Kxf6 43. Ra7 e5 44. Rh7 g4
45. Rxh6+ Ke7 46. Rg6 e4 47. Nc8+ Kf8 48. Rxg4 Nf3 49. Rf4+ Kg7 50. Nd6
Rg1+ 51. Kh3 Rh1+ 52. Kg4 1-0

[Event "24th European Teams"]
[Site "Budva MNE"]
[Date "2023.11.13"]
[EventDate "2023.11.11"]
[Round "3.4"]
[Result "1/2-1/2"]
[White "Jules Moussard"]
[Black "Mateusz Bartel"]
[WhiteElo "2639"]
[BlackElo "2651"]
[PlyCount "60"]

1. e4 e5 2. Nf3 Nc6 3. Bb5 a6 4. Ba4 Nf6 5. O-O Nxe4 6. d4 Be7 7. Re1 b5 8.
Rxe4 d5 9. Nxe5 Nxe5 10. Rxe5 bxa4 11. Nc3 O-O 12. Rxd5 Bd6 13. Bf4 Be6 14.
Rxd6 cxd6 15. Nxa4 Bd7 16. Nc3 Re8 17. Qd3 Qb6 18. b3 Bf5 19. Qxf5 Qxd4 20.
Qd3 Qxf4 21. Nd5 Qe5 22. Rd1 Rac8 23. Ne3 Rc3 24. Qxa6 f5 25. g3 Rxe3 26.
fxe3 Qxe3+ 27. Kg2 Qe4+ 28. Kg1 Qe3+ 29. Kg2 Qe4+ 30. Kg1 Qe3+ 1/2-1/2

[Event "24th European Teams"]
[Site "Budva MNE"]
[Date "2023.11.13"]
[EventDate "2023.11.11"]
[Round "3.4"]
[Result "1-0"]
[White "Bartosz Socko"]
[Black "Laurent Fressinet"]
[WhiteElo "2545"]
[BlackElo "2640"]
[PlyCount "82"]

1. e4 e5 2. Nf3 Nc6 3. d4 exd4 4. Nxd4 Nf6 5. Nxc6 bxc6 6. Bd3 d5 7. exd5
cxd5 8. O-O Be7 9. c4 O-O 10. Nc3 d4 11. Ne4 Bb7 12. Nxf6+ Bxf6 13. b4 Qd7
14. Bf4 Rfe8 15. Qd2 c5 16. b5 Be5 17. Rfe1 Bc7 18. a4 a5 19. Bxc7 Qxc7 20.
Re2 h6 21. Rae1 Kf8 22. h3 Rad8 23. Bc2 Bc8 24. Be4 Bd7 25. Qd3 Qd6 26. Bd5
Qg6 27. Qd2 Rxe2 28. Rxe2 Qb6 29. Qf4 Qf6 30. Qc7 d3 31. Rd2 Bf5 32. b6 Rc8
33. Qf4 Qg5 34. Qxg5 hxg5 35. g4 Bg6 36. Kf1 Ke7 37. Rb2 Kd6 38. b7 Rb8 39.
Rb6+ Kd7 40. Ke1 Re8+ 41. Kd1 1-0

[Event "24th European Teams"]
[Site "Budva MNE"]
[Date "2023.11.13"]
[EventDate "2023.11.11"]
[Round "3.4"]
[Result "1-0"]
[White "Maxime Lagarde"]
[Black "Szymon Gumularz"]
[WhiteElo "2629"]
[BlackElo "2580"]
[PlyCount "62"]

1. e4 c6 2. d4 d5 3. Nd2 dxe4 4. Nxe4 Nf6 5. Nxf6+ exf6 6. Be3 Bd6 7. Bd3
Na6 8. a3 Nc7 9. Ne2 O-O 10. c4 Bg4 11. Qc2 Bxe2 12. Bxe2 g6 13. O-O f5 14.
Rad1 Re8 15. Bf3 Qd7 16. b4 a6 17. Qb3 Bf8 18. a4 Rac8 19. g3 h5 20. h4
Rcd8 21. d5 cxd5 22. Bxd5 Nxd5 23. Rxd5 Qe6 24. Rfd1 Rxd5 25. cxd5 Qe4 26.
d6 Qf3 27. Rd4 Bh6 28. d7 Rd8 29. Rd3 Bxe3 30. Rxe3 Qc6 31. Re7 1-0

[Event "24th European Teams"]
[Site "Budva MNE"]
[Date "2023.11.13"]
[EventDate "2023.11.11"]
[Round "3.5"]
[Result "1/2-1/2"]
[White "Maxim Rodshtein"]
[Black "Van Foreest, Jorden"]
[WhiteElo "2582"]
[BlackElo "2700"]
[PlyCount "88"]

1. d4 d5 2. c4 e6 3. Nf3 c5 4. cxd5 exd5 5. g3 Nc6 6. Bg2 Nf6 7. O-O h6 8.
b3 cxd4 9. Bb2 Be7 10. Nxd4 O-O 11. Nc3 Re8 12. Rc1 Bg4 13. h3 Bh5 14. Qd3
Qd7 15. Nxc6 bxc6 16. e3 Rac8 17. Na4 Bg6 18. Qd4 Bd6 19. Nc5 Qf5 20. g4
Qe5 21. Qxe5 Bxe5 22. Bxe5 Rxe5 23. Rc3 Rce8 24. Rfc1 h5 25. gxh5 Rxh5 26.
Nd3 Rg5 27. Nf4 Be4 28. Rxc6 Nh5 29. Rc8 Rxc8 30. Rxc8+ Kh7 31. Kh2 Nxf4
32. Bxe4+ dxe4 33. exf4 Rd5 34. Rc7 Rd2 35. Kg3 Rxa2 36. Rxf7 a5 37. Rb7 a4
38. bxa4 Rxa4 39. Rb3 g6 40. Rb7+ Kg8 41. Rb2 Kg7 42. Kg4 Kf6 43. h4 Ra1
44. Rb6+ Kg7 1/2-1/2

[Event "24th European Teams"]
[Site "Budva MNE"]
[Date "2023.11.13"]
[EventDate "2023.11.11"]
[Round "3.5"]
[Result "1-0"]
[White "Max Warmerdam"]
[Black "Ori Kobo"]
[WhiteElo "2638"]
[BlackElo "2556"]
[PlyCount "124"]

1. Nf3 Nf6 2. c4 e6 3. g3 d5 4. Bg2 d4 5. O-O Nc6 6. d3 Bc5 7. Nbd2 Be7 8.
Nb3 O-O 9. e3 dxe3 10. Bxe3 Ng4 11. Bc5 Bxc5 12. Nxc5 b6 13. Nh4 Nge5 14.
d4 Nxd4 15. Nb3 Nxb3 16. axb3 Rb8 17. Qe2 f6 18. Rxa7 Qe7 19. Be4 Rd8 20.
Nf3 Nf7 21. Rfa1 Qd7 22. Bc2 Nd6 23. Nd4 e5 24. Nb5 Nxb5 25. cxb5 Qg4 26.
Qxg4 Bxg4 27. Rxc7 Rbc8 28. Rxc8 Rxc8 29. Be4 Rd8 30. f3 Bh3 31. Kf2 f5 32.
Bc6 Rd2+ 33. Ke3 Rxb2 34. Bd5+ Kf8 35. Ra6 Rc2 36. Kd3 Rxh2 37. Rxb6 Bf1+
38. Kc3 Ke7 39. Re6+ Kd7 40. b6 Ba6 41. Rxe5 Kd6 42. f4 Rh3 43. b7 Rxg3+
44. Kc2 Bxb7 45. Bxb7 g6 46. Re2 Kc5 47. Rh2 Rg4 48. Rxh7 Rxf4 49. Kc3 Rg4
50. Rc7+ Kb6 51. Rf7 Kc5 52. Bc8 Rg3+ 53. Kb2 Kb4 54. Rb7+ Kc5 55. Rf7 Kb4
56. Rb7+ Kc5 57. Rc7+ Kb6 58. Rf7 Kc5 59. Ka3 Kb5 60. Rf6 Rg4 61. Bd7+ Ka5
62. Be8 1-0

[Event "24th European Teams"]
[Site "Budva MNE"]
[Date "2023.11.13"]
[EventDate "2023.11.11"]
[Round "3.5"]
[Result "1-0"]
[White "Tamir Nabaty"]
[Black "Benjamin Bok"]
[WhiteElo "2632"]
[BlackElo "2621"]
[PlyCount "90"]

1. d4 Nf6 2. c4 e6 3. Nc3 Bb4 4. Qc2 d5 5. a3 Bxc3+ 6. Qxc3 O-O 7. e3 b6 8.
Nf3 Ba6 9. b3 Nbd7 10. Be2 c5 11. O-O Rc8 12. a4 dxc4 13. bxc4 Qc7 14. Ba3
Rfd8 15. Rfd1 h6 16. Rac1 cxd4 17. exd4 Qf4 18. Qe3 Qf5 19. h3 Bb7 20. Be7
Re8 21. Bd6 Bc6 22. a5 bxa5 23. Ne5 Nxe5 24. dxe5 Nd7 25. f4 Qg6 26. g4 f5
27. Kh2 fxg4 28. Bxg4 h5 29. Bf3 Bxf3 30. Qxf3 Nb6 31. c5 Nd5 32. Rxd5 exd5
33. f5 Qh6 34. Rg1 Kh7 35. f6 gxf6 36. Qf5+ Kh8 37. Rg6 Qd2+ 38. Rg2 Qh6
39. Be7 Rf8 40. Bxf6+ Rxf6 41. exf6 Rf8 42. f7 a4 43. c6 a3 44. c7 a2 45.
Rg8+ 1-0

[Event "24th European Teams"]
[Site "Budva MNE"]
[Date "2023.11.13"]
[EventDate "2023.11.11"]
[Round "3.5"]
[Result "1/2-1/2"]
[White "Liam Vrolijk"]
[Black "Evgeny Postny"]
[WhiteElo "2569"]
[BlackElo "2577"]
[PlyCount "134"]

1. Nf3 d5 2. g3 c6 3. Bg2 Bg4 4. h3 Bxf3 5. Bxf3 Nf6 6. d4 Nbd7 7. O-O e5
8. c4 dxc4 9. Nd2 exd4 10. Nxc4 Nb6 11. Qb3 Be7 12. Rd1 O-O 13. Kg2 Nxc4
14. Qxc4 Qb6 15. Rd3 Rad8 16. Rb3 Qc7 17. Bf4 Bd6 18. Qxd4 Bxf4 19. Qxf4
Qxf4 20. gxf4 Rd7 21. Rc1 Re8 22. a4 g6 23. Rb4 Ree7 24. Rbc4 Ne8 25. e3
Nc7 26. R1c2 Kg7 27. Rb4 Ne6 28. Re4 f5 29. Rec4 Nc7 30. Rb4 Ne8 31. Rbc4
Nc7 32. Kg3 Rd6 33. Be2 Rdd7 34. Kg2 Rd6 35. Rb4 Ne8 36. Kf1 Nf6 37. Bf3
Red7 38. Ke2 Ne8 39. Ke1 Kf6 40. Be2 Kg7 41. Rbc4 Nc7 42. Rc5 Ne6 43. R5c3
Nc7 44. b4 a6 45. Rb3 Kf6 46. Rb1 Ke7 47. h4 Kf6 48. Rcb2 Nd5 49. Rc1 Nc7
50. Rcc2 Ke7 51. Kf1 Kf6 52. Kg2 Ke7 53. h5 Kf6 54. b5 cxb5 55. axb5 a5 56.
hxg6 hxg6 57. b6 Nd5 58. Rc5 Rxb6 59. Rxb6+ Nxb6 60. Rxa5 Nc8 61. Rb5 Nd6
62. Rb4 Rc7 63. Bf3 b5 64. Be2 Rc5 65. Bd3 Ke6 66. Kf3 Kf6 67. Ke2 1/2-1/2

[Event "24th European Teams"]
[Site "Budva MNE"]
[Date "2023.11.13"]
[EventDate "2023.11.11"]
[Round "3.6"]
[Result "1/2-1/2"]
[White "David Navara"]
[Black "Richard Rapport"]
[WhiteElo "2695"]
[BlackElo "2748"]
[PlyCount "92"]

1. d4 Nf6 2. c4 g6 3. Nc3 Bg7 4. e4 d6 5. Nf3 O-O 6. Be2 e5 7. O-O exd4 8.
Nxd4 Re8 9. f3 c6 10. Nc2 Na6 11. Kh1 h6 12. Bf4 d5 13. cxd5 cxd5 14. Nxd5
Nxd5 15. exd5 Bd7 16. Qd2 Qf6 17. Bxa6 Qxa6 18. Ne3 Rac8 19. d6 Qb5 20. a4
Qxb2 21. Qxb2 Bxb2 22. Rab1 Be5 23. Bxe5 Rxe5 24. Rxb7 Rxe3 25. Rxd7 Rd3
26. h3 Rc6 27. Rxa7 Rcxd6 28. Ra1 Rd1+ 29. Rxd1 Rxd1+ 30. Kh2 Ra1 31. h4 h5
32. Kg3 Ra2 33. a5 Kg7 34. Ra6 Ra4 35. Ra8 Kf6 36. a6 Ra2 37. Ra7 Ra4 38.
f4 Ra3+ 39. Kf2 Ke6 40. Ke2 f6 41. Kf2 Kf5 42. g3 Kg4 43. Rg7 Ra2+ 44. Ke3
Ra3+ 45. Kf2 Ra2+ 46. Ke3 1/2-1/2

[Event "24th European Teams"]
[Site "Budva MNE"]
[Date "2023.11.13"]
[EventDate "2023.11.11"]
[Round "3.6"]
[Result "1/2-1/2"]
[White "Bogdan-Daniel Deac"]
[Black "Thai Dai Van Nguyen"]
[WhiteElo "2700"]
[BlackElo "2624"]
[PlyCount "84"]

1. e4 e5 2. Nf3 Nc6 3. Bc4 Bc5 4. d3 Nf6 5. a4 d6 6. O-O a6 7. Be3 Bxe3 8.
fxe3 O-O 9. Nbd2 Ne7 10. Qe1 Ng6 11. h3 c6 12. a5 d5 13. Bb3 dxe4 14. Nxe4
Nxe4 15. dxe4 Qe7 16. Rd1 h6 17. Qd2 Be6 18. Bxe6 Qxe6 19. Qb4 Rab8 20. Rd2
Rfe8 21. Rfd1 Nf8 22. Rd6 Qe7 23. Qc3 Rbc8 24. R1d3 Rc7 25. Qd2 Rcc8 26.
Kh2 Qc7 27. Nh4 g6 28. Nf3 Re7 29. Qb4 Re6 30. Rxe6 Nxe6 31. Qc3 Re8 32.
Kg1 Nf8 33. Nd2 Nd7 34. Nc4 Re6 35. Nd2 Nf6 36. Qc5 Nd7 37. Qc4 Kg7 38. Nb3
Re7 39. Nc5 Nxc5 40. Qxc5 Re6 41. b4 Qe7 42. Qxe7 Rxe7 1/2-1/2

[Event "24th European Teams"]
[Site "Budva MNE"]
[Date "2023.11.13"]
[EventDate "2023.11.11"]
[Round "3.6"]
[Result "1/2-1/2"]
[White "Stepan Zilka"]
[Black "Kirill Shevchenko"]
[WhiteElo "2609"]
[BlackElo "2665"]
[PlyCount "126"]

1. e4 e6 2. d4 d5 3. Nc3 Bb4 4. e5 c5 5. Bd2 Ne7 6. a3 Bxc3 7. Bxc3 Nbc6 8.
Nf3 b6 9. Bb5 a6 10. Bxc6+ Nxc6 11. O-O a5 12. Qd2 Qe7 13. Rfe1 Ba6 14. h4
h6 15. h5 Qc7 16. b4 cxd4 17. Nxd4 Nxd4 18. Bxd4 Bc4 19. a4 axb4 20. Qxb4
Ra6 21. Reb1 Kd7 22. Ra3 Rha8 23. Rf3 Ke8 24. a5 bxa5 25. Qb7 Rc8 26. Qxc7
Rxc7 27. Rb8+ Ke7 28. Bb6 Rxb6 29. Rxb6 Ra7 30. Rg3 Be2 31. Rgb3 Bxh5 32.
Rb7+ Rxb7 33. Rxb7+ Kf8 34. Ra7 Bd1 35. c3 a4 36. Ra8+ Ke7 37. Kf1 f6 38.
Ra7+ Kf8 39. f4 fxe5 40. fxe5 Bb3 41. Kf2 d4 42. cxd4 Kg8 43. g4 Kh7 44.
Ke1 Kg6 45. Kd2 Kh7 46. Kc3 Kg6 47. Re7 Bd5 48. Kb4 Bb3 49. Ra7 Kh7 50. Kc5
Kg6 51. Kd6 Kg5 52. Rxg7+ Kf4 53. Rg6 a3 54. Rxh6 a2 55. Rh1 Kxg4 56. Kc5
Kf4 57. Kb4 Bd5 58. Re1 Kf3 59. Kc3 Kf2 60. Kd2 Bc4 61. Rc1 Bd5 62. Kc3 Ke3
63. Ra1 1/2-1/2

[Event "24th European Teams"]
[Site "Budva MNE"]
[Date "2023.11.13"]
[EventDate "2023.11.11"]
[Round "3.6"]
[Result "1-0"]
[White "Constantin Lupulescu"]
[Black "Richard Stalmach"]
[WhiteElo "2582"]
[BlackElo "2420"]
[PlyCount "114"]

1. d4 Nf6 2. c4 e6 3. Nc3 d5 4. cxd5 exd5 5. Bg5 c6 6. e3 h6 7. Bh4 Be7 8.
Bd3 O-O 9. Nge2 Nbd7 10. f3 Re8 11. O-O b5 12. Bf2 a5 13. Ng3 Nb6 14. Rc1
a4 15. b3 Bd7 16. h3 h5 17. e4 h4 18. Nge2 axb3 19. axb3 Nh5 20. Qd2 Ra3
21. Bc2 dxe4 22. fxe4 b4 23. Nd1 Be6 24. Rb1 Ra2 25. Rb2 Ra5 26. Qd3 g6 27.
Qf3 Bg5 28. Ne3 Qd7 29. Rd1 Rd8 30. Nf1 Qc7 31. Be3 Bxe3+ 32. Qxe3 Re8 33.
Qf2 Qd8 34. Nh2 Bc8 35. Bd3 Ng3 36. e5 Nxe2+ 37. Bxe2 Nd5 38. Nf3 Nc3 39.
Re1 c5 40. dxc5 Qd5 41. Qxh4 Qxc5+ 42. Kh1 Be6 43. Bc4 Bxc4 44. bxc4 Ra7
45. Ng5 f6 46. Qh6 Rg7 47. Nh7 Rxe5 48. Nxf6+ Kf7 49. Rxe5 Qxe5 50. Ng4
Qe1+ 51. Kh2 Qe7 52. Rf2+ Ke6 53. Qe3+ Kd7 54. Qa7+ Kd8 55. Qb8+ Kd7 56.
Qb7+ Kd8 57. Rd2+ 1-0

[Event "24th European Teams"]
[Site "Budva MNE"]
[Date "2023.11.13"]
[EventDate "2023.11.11"]
[Round "3.7"]
[Result "1/2-1/2"]
[White "Nikita Vitiugov"]
[Black "Ivan Saric"]
[WhiteElo "2712"]
[BlackElo "2659"]
[PlyCount "48"]

1. d4 Nf6 2. c4 e6 3. Nf3 d5 4. Nc3 c5 5. cxd5 cxd4 6. Qxd4 exd5 7. Bg5 Be7
8. e3 O-O 9. Be2 h6 10. Bh4 Nc6 11. Qd3 Qb6 12. O-O Rd8 13. Rfd1 Be6 14. h3
a6 15. a3 g5 16. Bg3 Ne4 17. Nxe4 dxe4 18. Qxe4 Qxb2 19. Bd3 Qg7 20. Rab1
Bd5 21. Qg4 Be6 22. Qe4 Bd5 23. Qg4 Be6 24. Qe4 Bd5 1/2-1/2

[Event "24th European Teams"]
[Site "Budva MNE"]
[Date "2023.11.13"]
[EventDate "2023.11.11"]
[Round "3.7"]
[Result "1/2-1/2"]
[White "Ante Brkic"]
[Black "David W L Howell"]
[WhiteElo "2622"]
[BlackElo "2676"]
[PlyCount "114"]

1. e4 e5 2. Nf3 Nc6 3. Bb5 Nf6 4. d3 Bc5 5. Ba4 O-O 6. O-O d6 7. c3 Bb6 8.
Nbd2 Ne7 9. Nc4 Ng6 10. Bc2 Re8 11. Re1 Be6 12. Nxb6 axb6 13. h3 b5 14. a3
h6 15. d4 c6 16. Be3 Qc7 17. Nd2 Rad8 18. Qe2 d5 19. dxe5 Qxe5 20. Bd4 Qg5
21. Nf3 Qh5 22. Bxf6 gxf6 23. exd5 Rxd5 24. Nd4 Qg5 25. Bxg6 Qxg6 26. Qf3
Re5 27. Rxe5 fxe5 28. Nxe6 Rxe6 29. Re1 Kg7 30. Qe3 Qg5 31. Qd3 e4 32. Qd4+
Qf6 33. Qb6 Qe7 34. Qd4+ Qf6 35. Qa7 Qe7 36. Re3 Rd6 37. Qb8 Kh7 38. Qc8
Rd5 39. Qb8 Rd3 40. Qf4 Rxe3 41. Qf5+ Kh8 42. fxe3 Kg7 43. Kf2 Qh4+ 44. Ke2
Qe7 45. Qg4+ Kh7 46. Qf5+ Kg7 47. Kf2 Qh4+ 48. g3 Qd8 49. Qg4+ Kh8 50. Qxe4
Qd2+ 51. Kf3 Qxb2 52. Qd4+ Kg8 53. Qg4+ Kh7 54. Qe4+ Kg8 55. Qg4+ Kh7 56.
Qe4+ Kg8 57. Qg4+ 1/2-1/2

[Event "24th European Teams"]
[Site "Budva MNE"]
[Date "2023.11.13"]
[EventDate "2023.11.11"]
[Round "3.7"]
[Result "1-0"]
[White "Michael Adams"]
[Black "Leon Livaic"]
[WhiteElo "2670"]
[BlackElo "2553"]
[PlyCount "140"]

1. e4 e6 2. d4 d5 3. e5 c5 4. c3 Nc6 5. Nf3 Qb6 6. Be2 cxd4 7. cxd4 Nge7 8.
Na3 Nf5 9. Nc2 Bd7 10. O-O Rc8 11. Kh1 Na5 12. b3 Bb5 13. Bf4 Nc6 14. Bxb5
Qxb5 15. Rc1 h6 16. h3 Be7 17. Ne3 Nxe3 18. fxe3 Ba3 19. Rc2 O-O 20. Nh2
Ne7 21. Rcf2 Rc1 22. Qg4 Rxf1+ 23. Nxf1 Kh7 24. Ng3 Qd3 25. Kh2 Qg6 26. Qe2
a6 27. h4 Kg8 28. h5 Qh7 29. Nf1 Nc6 30. Qg4 Kh8 31. Bg3 Qd3 32. Bh4 Be7
33. Bxe7 Nxe7 34. Qh4 Nf5 35. Qf4 Qd1 36. g4 Ne7 37. Ng3 Qe1 38. Kg2 f6 39.
exf6 Rxf6 40. Qb8+ Ng8 41. Rxf6 gxf6 42. Qxb7 Qd2+ 43. Kf3 Qd1+ 44. Kf2
Qd2+ 45. Ne2 Qxa2 46. Qb6 e5 47. Qb7 Qa5 48. Qd7 Qb5 49. Qxb5 axb5 50. Nc3
Ne7 51. Nxb5 Nc6 52. e4 Nb4 53. exd5 Nxd5 54. dxe5 fxe5 55. Kf3 Kg7 56. Ke4
Nf6+ 57. Kf5 e4 58. Nd4 e3 59. b4 Kf7 60. b5 Ke7 61. Ne2 Nd5 62. Kg6 Nf6
63. Kf5 Nd5 64. Kg6 Nf6 65. g5 hxg5 66. h6 Nd7 67. Kg7 Nf8 68. b6 Ne6+ 69.
Kg8 Nf4 70. b7 1-0

[Event "24th European Teams"]
[Site "Budva MNE"]
[Date "2023.11.13"]
[EventDate "2023.11.11"]
[Round "3.8"]
[Result "1/2-1/2"]
[White "Valentin Dragnev"]
[Black "Gabriel Sargissian"]
[WhiteElo "2589"]
[BlackElo "2686"]
[PlyCount "60"]

1. e4 e5 2. Nf3 Nc6 3. Bb5 a6 4. Ba4 Nf6 5. O-O Be7 6. Re1 b5 7. Bb3 O-O 8.
c3 d5 9. exd5 Nxd5 10. Nxe5 Nxe5 11. Rxe5 c6 12. Re1 Bd6 13. d3 Bf5 14. Qf3
Qh4 15. g3 Qh3 16. Nd2 Rae8 17. Ne4 Bg4 18. Qg2 Qxg2+ 19. Kxg2 f5 20. h3
Bh5 21. Bf4 Bxf4 22. gxf4 fxe4 23. dxe4 Bf3+ 24. Kxf3 Rxf4+ 25. Kg3 Rfxe4
26. Rxe4 Rxe4 27. Kf3 Rf4+ 28. Kg3 Re4 29. Kf3 Rf4+ 30. Kg3 Re4 1/2-1/2

[Event "24th European Teams"]
[Site "Budva MNE"]
[Date "2023.11.13"]
[EventDate "2023.11.11"]
[Round "3.8"]
[Result "1/2-1/2"]
[White "Dominik Horvath"]
[Black "Shant Sargsyan"]
[WhiteElo "2549"]
[BlackElo "2625"]
[PlyCount "62"]

1. e4 e5 2. Nf3 Nc6 3. Bb5 a6 4. Ba4 Nf6 5. O-O Be7 6. Re1 b5 7. Bb3 O-O 8.
a4 b4 9. d4 d6 10. dxe5 Nxe5 11. Nxe5 dxe5 12. Qxd8 Rxd8 13. Nd2 Bc5 14.
Nf3 Ng4 15. Bg5 Bxf2+ 16. Kh1 Re8 17. Rf1 Bc5 18. h3 Nf6 19. Bxf6 gxf6 20.
Ng5 Kg7 21. Bxf7 Rd8 22. Ne6+ Bxe6 23. Bxe6 Rd2 24. Rf3 Rxc2 25. Raf1 Rf8
26. Rg3+ Kh8 27. b3 a5 28. Rgf3 Kg7 29. Rg3+ Kh8 30. Rgf3 Kg7 31. Rg3+
1/2-1/2

[Event "24th European Teams"]
[Site "Budva MNE"]
[Date "2023.11.13"]
[EventDate "2023.11.11"]
[Round "3.8"]
[Result "1-0"]
[White "Ter-Sahakyan, Samvel"]
[Black "Felix Blohberger"]
[WhiteElo "2618"]
[BlackElo "2513"]
[PlyCount "152"]

1. d4 Nf6 2. c4 e6 3. Nf3 d5 4. Nc3 Bb4 5. cxd5 exd5 6. Bg5 h6 7. Bh4 O-O
8. e3 Bf5 9. Qb3 Bxc3+ 10. bxc3 Nbd7 11. Be2 c5 12. dxc5 g5 13. Bg3 Nxc5
14. Qb4 Nfe4 15. Be5 Rc8 16. O-O a5 17. Qa3 Bg6 18. Rad1 g4 19. Nd4 h5 20.
Nb3 Re8 21. Nxc5 Rxe5 22. Nxe4 Bxe4 23. Rd4 Qc7 24. Rc1 Qc5 25. Qb2 b6 26.
a4 Qc6 27. c4 Qg6 28. Rcd1 Rc5 29. cxd5 Rexd5 30. Rxd5 Rxd5 31. Rc1 Rc5 32.
Rd1 Rd5 33. Rc1 Rc5 34. Rxc5 bxc5 35. Qb5 Bc6 36. Qxc5 Bxa4 37. Qxa5 Bc2
38. Qd8+ Kg7 39. Qd4+ Kg8 40. f3 Bf5 41. Kf2 gxf3 42. Bxf3 Kh7 43. Qf4 f6
44. h3 Kg7 45. Qc7+ Kh6 46. h4 Be6 47. Qf4+ Kg7 48. Be4 Qe8 49. Qc7+ Qd7
50. Qc3 Bf7 51. Qd4 Qg4 52. Bc2 Qe6 53. Qd3 Qc4 54. Qh7+ Kf8 55. Be4 Qa2+
56. Kg3 Qd2 57. Qh6+ Ke7 58. Qf4 Qe1+ 59. Kh2 Qd2 60. Bf3 Qd6 61. Kg3 Qxf4+
62. Kxf4 Kf8 63. e4 Kg7 64. e5 Bg6 65. e6 Kf8 66. Be4 Be8 67. Kf5 Ke7 68.
Bd5 Bb5 69. Kg6 Be2 70. Bf3 Bd3+ 71. Kg7 Bf1 72. g3 Kxe6 73. Bxh5 Ke5 74.
Bg6 Be2 75. h5 Bxh5 76. Bxh5 1-0

[Event "24th European Teams"]
[Site "Budva MNE"]
[Date "2023.11.13"]
[EventDate "2023.11.11"]
[Round "3.9"]
[Result "1/2-1/2"]
[White "Teimour Radjabov"]
[Black "Nils Grandelius"]
[WhiteElo "2745"]
[BlackElo "2688"]
[PlyCount "60"]

1. d4 d5 2. c4 c6 3. Nf3 Nf6 4. Nc3 e6 5. e3 a6 6. b3 Bb4 7. Bd2 Nbd7 8.
Bd3 O-O 9. O-O Qe7 10. Qc2 e5 11. dxe5 Nxe5 12. Nxe5 Qxe5 13. Nxd5 Nxd5 14.
cxd5 Bxd2 15. Qxd2 Qxd5 16. Rfd1 Qe5 17. Qb4 g6 18. h3 a5 19. Qb6 Qg5 20.
Bf1 a4 21. Rac1 axb3 22. axb3 Bxh3 23. Qxb7 Be6 24. Qxc6 Bxb3 25. Rd2 Rad8
26. Rxd8 Rxd8 27. Qc5 Qxc5 28. Rxc5 Be6 29. f3 Rc8 30. Rxc8+ Bxc8 1/2-1/2

[Event "24th European Teams"]
[Site "Budva MNE"]
[Date "2023.11.13"]
[EventDate "2023.11.11"]
[Round "3.9"]
[Result "0-1"]
[White "Erik Blomqvist"]
[Black "Shakhriyar Mamedyarov"]
[WhiteElo "2520"]
[BlackElo "2734"]
[PlyCount "86"]

1. e4 e6 2. d4 d5 3. Nc3 Nf6 4. Bg5 dxe4 5. Nxe4 Nbd7 6. Nf3 h6 7. Nxf6+
Nxf6 8. Bxf6 Qxf6 9. Qd3 Bd6 10. O-O-O Bd7 11. g3 Bc6 12. Bg2 O-O 13. Qe2
a5 14. Ne1 a4 15. a3 Rfd8 16. f4 Bd5 17. Bxd5 exd5 18. Nf3 Re8 19. Ne5 Qf5
20. Qb5 f6 21. Nd3 Reb8 22. Nc5 c6 23. Qb6 Qc8 24. Kb1 Kf7 25. Rhf1 Qc7 26.
Qxc7+ Bxc7 27. Rde1 Bd6 28. Nd3 Re8 29. Kc1 Kg6 30. Kd2 h5 31. Re3 Re4 32.
f5+ Kg5 33. h4+ Kh6 34. Rxe4 dxe4 35. Nf4 Ra5 36. Ke3 Rb5 37. Kxe4 Rxb2 38.
c4 Rb3 39. Ne6 Bxa3 40. c5 Bb2 41. Rg1 a3 42. g4 hxg4 43. Rxg4 Bc1 0-1

[Event "24th European Teams"]
[Site "Budva MNE"]
[Date "2023.11.13"]
[EventDate "2023.11.11"]
[Round "3.9"]
[Result "1-0"]
[White "Rauf Mamedov"]
[Black "Hillarp Persson, Tiger"]
[WhiteElo "2644"]
[BlackElo "2502"]
[PlyCount "58"]

1. e4 c5 2. Nc3 d6 3. Bb5+ Bd7 4. Bxd7+ Qxd7 5. d4 cxd4 6. Qxd4 Nc6 7. Qd3
g6 8. Nf3 Bg7 9. O-O Nf6 10. Bg5 h6 11. Bd2 Rc8 12. h3 Nb4 13. Qe2 O-O 14.
Rad1 Qe6 15. a3 Na2 16. Rfe1 Nxc3 17. Bxc3 Qa2 18. Qb5 b6 19. e5 Rc5 20.
Qa4 Nd5 21. Bd4 Rc4 22. Qxa7 dxe5 23. Nxe5 Rxc2 24. Qa4 Rfc8 25. Ra1 Qxa1
26. Rxa1 Nf4 27. Re1 Ne2+ 28. Kf1 Nxd4 29. Qxd4 1-0

[Event "24th European Teams"]
[Site "Budva MNE"]
[Date "2023.11.13"]
[EventDate "2023.11.11"]
[Round "3.9"]
[Result "0-1"]
[White "Hampus Sorensen"]
[Black "Vasif Durarbayli"]
[WhiteElo "2479"]
[BlackElo "2625"]
[PlyCount "74"]

1. d4 d5 2. c4 c6 3. Nf3 Nf6 4. cxd5 cxd5 5. Nc3 Nc6 6. Bf4 Nh5 7. Be5 f6
8. Bg3 e6 9. e3 Qb6 10. a3 Bd7 11. Bd3 Nxg3 12. hxg3 Ne7 13. O-O g5 14. Na4
Bxa4 15. Qxa4+ Kf7 16. e4 dxe4 17. Bxe4 Bg7 18. Rac1 Rad8 19. Rc4 g4 20.
Nd2 f5 21. Rb4 Rxd4 22. Nc4 Qa6 23. Bxb7 Qxa4 24. Rxa4 Rhd8 25. Rb4 Rb8 26.
Rc1 Kg6 27. Kf1 Nd5 28. Bxd5 Rxb4 29. axb4 Rxd5 30. Re1 Kf7 31. Ra1 Bd4 32.
Ke2 Kf6 33. Rh1 Kg6 34. Rd1 Bxf2 35. Rxd5 exd5 36. Ne5+ Kf6 37. Nd7+ 0-1

[Event "24th European Teams"]
[Site "Budva MNE"]
[Date "2023.11.13"]
[EventDate "2023.11.11"]
[Round "3.11"]
[Result "1/2-1/2"]
[White "Mikheil Mchedlishvili"]
[Black "Benjamin Gledura"]
[WhiteElo "2564"]
[BlackElo "2633"]
[PlyCount "132"]

1. c4 e6 2. Nf3 d5 3. g3 d4 4. Bg2 Nc6 5. O-O Bc5 6. d3 Nf6 7. Nbd2 O-O 8.
Nb3 Be7 9. e3 dxe3 10. Bxe3 Ng4 11. Bc5 Bxc5 12. Nxc5 b6 13. Nb3 Bb7 14. d4
Ne7 15. Qe2 Nf6 16. Rad1 Bxf3 17. Qxf3 c6 18. Qc3 Qc7 19. Nd2 Rfd8 20. Nf3
Rd6 21. Rd3 Rad8 22. Rfd1 c5 23. Ne5 h5 24. d5 exd5 25. cxd5 b5 26. Qd2
Nfxd5 27. h4 f6 28. Ng6 Nxg6 29. Bxd5+ Kf8 30. Qe2 Qe7 31. Be4 Rxd3 32.
Rxd3 Ne5 33. Rxd8+ Qxd8 34. Qxb5 Qb6 35. Qe2 Qe6 36. Qxh5 Qxa2 37. Qf5 Qa6
38. Bd5 g6 39. Qc2 Qd6 40. Qb3 Qb6 41. Qe3 c4 42. Qa3+ Ke8 43. Bxc4 Nxc4
44. Qa4+ Kf8 45. Qxc4 Qxb2 46. Qc5+ Kg8 47. Qxa7 Qc1+ 48. Kh2 Qc6 49. Qe7
Qf3 50. Qe3 Qc6 51. g4 Qd6+ 52. Kh3 Kf7 53. f3 Qd5 54. Kg3 Qd6+ 55. Kg2 Qd5
56. g5 fxg5 57. hxg5 Qf5 58. Kg3 Qb1 59. Qf4+ Kg7 60. Qe5+ Kg8 61. Qd5+ Kg7
62. Kf2 Qc2+ 63. Ke3 Qc3+ 64. Ke4 Qe1+ 65. Kd4 Qd2+ 66. Kc5 Qa5+ 1/2-1/2